00818nam a2200241 a 450000100060000000300080000600500170001400800410003103500190007204000260009104100080011708200220012510000290014724500600017626000700023630000350030650000190034165000210036070000290038194200120041099900170042295201370043970186BD-RjUL20211209081955.0170416r19591949xxu||||| |||| 001 0 eng d a(BD-RjUL)70399 aBD-RjULbengcBD-RjUL aeng 223a516bKEA 19591 a Kells, Lyman M.915219110aAnalytic geometry /cLyman M. Kells and Herman C. Stotz aEnglewood Cliffs, N.J. :b Prentice-Hallc1949 [ Printing 1959 ]. aviii, 280 p. :bill. ;c23 cm. aIncludes index aGeometry9207859 aStotz, Herman C.9207860 2ddccBK c70186d70186 00102ddc40718NFICaRUCLbRUCLcReadingd1964-06-17eZeitlingerg56.00l0o516 KEA 1959r2017-04-16 00:00:00tC-1w2017-04-16yBK